Ч. 1 : Множества. Математическая логика; Методическое пособие по курсу "Основы кибернетики"

التفاصيل البيبلوغرافية
Parent link:Методическое пособие по курсу "Основы кибернетики"/ А. В. Павлова, В. В. Соколов; Минский радиотехнический институт. Ч. 1 : Множества. Математическая логика
اللغة:الروسية
منشور في: 1985
الموضوعات:
التنسيق: كتاب
KOHA link:https://koha.lib.tpu.ru/cgi-bin/koha/opac-detail.pl?biblionumber=275357

MARC

LEADER 00000nam0a2200000 4500
001 275357
005 20231101234821.0
020 |a RU  |b 85-71595 
035 |a (RuTPU)RU\TPU\book\298598 
090 |a 275357 
100 |a 20141113d1985 m y0rusy5003 ca 
101 0 |a rus 
102 |a BY 
105 |a y j 001zy 
200 0 |a Ч. 1 : Множества. Математическая логика 
210 |d 1985 
215 |a 44 с. 
320 |a Библиогр.: с. 44 
461 |t Методическое пособие по курсу "Основы кибернетики"  |f А. В. Павлова, В. В. Соколов  |g Минский радиотехнический институт  |v Ч. 1 : Множества. Математическая логика 
606 1 |a Кибернетика  |x Математические основы  |2 stltpush  |3 (RuTPU)RU\TPU\subj\39461 
606 1 |a Множеств теория  |x (основания математики)  |2 stltpush  |3 (RuTPU)RU\TPU\subj\44178  |9 63549 
610 1 |a учебные пособия 
610 1 |a дискретная математика 
610 1 |a математическая логика 
610 1 |a дискретные устройства 
610 1 |a автоматика 
610 1 |a преобразовательная техника 
675 |a 519.7(075.8)  |z rus 
675 |a 510.22(075.8)  |z rus 
801 0 |a RU  |b RuMRKP  |c 19950704  |g psbo 
801 1 |a RU  |b 63413507  |c 20141113 
801 2 |a RU  |b 63413507  |c 20170126  |g RCR 
942 |c BK